Regional policy and Slovak preparation for cohesion policy
Príprava Slovenska na politiku súdržnosti je stále na začiatku aj napriek tomu, že sa dosiahol určitý pokrok v legislatívnej, inštitucionálnej a programovacej oblasti. Problémy súvisiace s implementáciou politiky súdržnosti sú prevažne v usmerňovaní a tvorbe programových dokumentov, v spôsobe monito...
Saved in:
| Main Author: | |
|---|---|
| Other Authors: | |
| Format: | Book Chapter |
| Language: | English |
| Subjects: | |
| Tags: |
No Tags, Be the first to tag this record!
|
MARC
| LEADER | 00000naa a2200000 4500 | ||
|---|---|---|---|
| 001 | r042816 | ||
| 005 | 20231004090958.8 | ||
| 041 | 0 | |a eng | |
| 044 | |a CZ | ||
| 245 | 1 | 0 | |a Regional policy and Slovak preparation for cohesion policy |c Anna Belajová, Ľudmila Maďarová |
| 520 | |a Príprava Slovenska na politiku súdržnosti je stále na začiatku aj napriek tomu, že sa dosiahol určitý pokrok v legislatívnej, inštitucionálnej a programovacej oblasti. Problémy súvisiace s implementáciou politiky súdržnosti sú prevažne v usmerňovaní a tvorbe programových dokumentov, v spôsobe monitorovania a hodnotenia využívania prostriedkov na realizáciu programov a meniacich sa podmienkach pre uplatňovanie regionálnej politiky v rámci EÚ a na Slovensku. | ||
| 610 | 2 | 0 | |a politika regionálna |
| 610 | 2 | 0 | |a hospodárstvo regionálne |
| 610 | 2 | 0 | |a Slovensko |
| 610 | 2 | 0 | |a Európska únia |
| 610 | 2 | 0 | |a inštitucionalizmus |
| 610 | 2 | 0 | |a legislatíva |
| 610 | 2 | 0 | |a rozvoj regionálny |
| 610 | 2 | 0 | |a programy rozvojové |
| 610 | 2 | 0 | |a regióny |
| 100 | 1 | |a Belajová, Anna | |
| 700 | 1 | |a Maďarová, Ľudmila | |